001900000a2200061000450024500670000030000460006777300150011310aWheaton-83 : La iglesia en respuesta a las necesidades humanas aVol 5, Núm 10 (1983), Páginas 101-1140 tPastoralia